000 00531nam a22001817a 4500
003 OSt
005 20210202113809.0
008 210202b ||||| |||| 00| 0 eng d
040 _aDO-SdBNP
_bspa
_cBNPHU
082 _axxx
_bM516m
100 1 0 _aMejía Sarmiento, Federico
_977726
245 _aManantial de rojas pasiones /
_cFederico Mejía Sarmiento
260 _a[¨Santo Domingo] :
_b[s. n],
_c[2000?]
300 _a58 p. ;
_c28 cm
590 _aInventariado, 2021 / DG
910 _aInventariado, 2021 / DG
942 _2ddc
_cLBS1
999 _c49351
_d49351